000 00530nam a2200253Ia 4500
001 070830
003 YMCAF
005 20230512160654.0
008 100717s1992 ||||||||||||||||| ||und|d
020 _a-
024 _a70830
035 _a10293
040 _aYMCAF
_beng
_cIN-KoLT
041 _aeng
082 _a621.381
_bBHA
100 _aBHARGVA, KULKARNI
245 0 _aBASIC ELECTRONICS AND LINEAR CIRCUIT
250 _a-
260 _bTMH
_c1992
300 _a490
653 _a-
653 _a-
942 _2ddc
_cBK
999 _c5784
_d5784